Pontificia Universidad Católica de Valparaíso: desde su fundación hasta la Reforma. Un espíritu, una identidad.

Saved in:
Bibliografiske detaljer
Hovedforfatter: Urbina Burgos, Rodolfo (autor)
Andre forfattere: Buono-Core Varas, Raúl Andrés (autor)
Format: Bog
Sprog:spansk
Udgivet: Valparaíso, Chile: Pontificia Universidad Católica de Valparaíso, 2004.
Udgivelse:Primera edición
Fag:
Tags: Tilføj Tag
Ingen Tags, Vær først til at tagge denne postø!

MARC

LEADER 00000cam a2200000 a 4500
001 UCL9730
003 CL-VaPUC
005 20241107154638.0
008 040820e20040800CL |||||||||||||||||spa|d
999 |c 310422  |d 310420 
040 |c Pontificia Universidad Católica de Valparaíso 
082 0 4 |a 378.83 URB 2004  |2 21 
100 0 |a Urbina Burgos, Rodolfo  |e autor  |9 487635 
245 1 0 |a Pontificia Universidad Católica de Valparaíso: desde su fundación hasta la Reforma. Un espíritu, una identidad. 
250 |a Primera edición 
260 0 3 |a Valparaíso, Chile:  |b Pontificia Universidad Católica de Valparaíso,  |c 2004. 
300 |a volumen 
500 |a c.22 Donación Rectoria Diciembre 2022. 
583 |a last modification  |c 20150924 21:40:28  |k Rodrigo Vera 
600 0 |a Universidad Católica de Valparaíso (Chile). Fundación Isabel Caces de Brown  |9 487637 
600 0 7 |a Castro Rojas, Ruben  |2 CL-VaPUC  |9 307929  |y 1882-1934 
600 0 7 |a Brown Diffin, Juan,  |2 CL-VaPUC  |9 487639  |y 1808-1877 
600 0 7 |a Aristía Lyon, Rafael,  |2 CL-VaPUC  |9 307930  |y 1862-1929 
600 0 7 |a Allard Neumann, Raúl  |2 CL-VaPUC  |9 469383 
650 7 |a Universidades católicas  |2 CL-VaPUC  |9 487641  |z Chile  |y Siglo 20 
650 0 |a Reforma universitaria   |9 307515  |z Chile  |y 1964-1970 
650 0 |a Académicos   |x Pontificia Universidad Católica de Valparaíso (PUCV)  |9 255553 
700 0 |a Buono-Core Varas, Raúl Andrés  |e autor  |9 487636 
942 |c BK  |2 ddc 
945 |d 20040820 00:00:00  |a cmena 
952 |0 0  |1 0  |2 ddc  |4 0  |6 378_830000000000000_URB_2004  |7 0  |8 A  |9 378815  |a BIBARQ  |b BIBARQ  |d 2019-11-21  |h v.1  |i 4051459  |l 1  |o 378.83 URB 2004  |p 4051459  |r 2025-01-20  |s 2022-07-29  |t 3  |w 2019-11-21  |y BK  |k ARQ 
952 |0 0  |1 0  |2 ddc  |4 0  |6 378_830000000000000_URB_2004  |7 0  |8 A  |9 378816  |a BIBCUR  |b BIBCUR  |d 2019-11-21  |h v.1  |i 4051467  |o 378.83 URB 2004  |p 4051467  |r 2025-04-22  |t 4  |w 2019-11-21  |y BK  |k BCB 
952 |0 0  |1 0  |2 ddc  |4 0  |6 378_830000000000000_URB_2004  |7 0  |8 A  |9 378817  |a BIBEDU  |b BIBEDU  |d 2019-11-21  |h v.1  |i 4051475  |o 378.83 URB 2004  |p 4051475  |r 2019-11-21  |t 5  |w 2019-11-21  |y BK  |k BME 
952 |0 0  |1 0  |2 ddc  |4 0  |6 378_830000000000000_URB_2004  |7 0  |8 F  |9 378818  |a BIBING  |b BIBING  |d 2019-11-21  |h v.1  |i 4051483  |o 378.83 URB 2004  |p 4051483  |r 2025-01-20  |t 6  |w 2019-11-21  |y BK_F  |k ING 
952 |0 0  |1 0  |2 ddc  |4 0  |6 378_830000000000000_URB_2004  |7 0  |8 A  |9 378820  |a BIBGIM  |b BIBGIM  |d 2019-11-21  |h v.1  |i 4051505  |o 378.83 URB 2004  |p 4051505  |r 2025-01-15  |t 8  |w 2019-11-21  |y BK  |k GIM 
952 |0 0  |1 0  |2 ddc  |4 0  |6 378_830000000000000_URB_2004  |7 0  |8 A  |9 378821  |a BIBAGR  |b BIBAGR  |d 2019-11-21  |h v.1  |i 4051513  |o 378.83 URB 2004  |p 4051513  |r 2024-01-30  |t 9  |w 2019-11-21  |y BK  |k AGR 
952 |0 0  |1 0  |2 ddc  |4 0  |6 378_830000000000000_URB_2004  |7 0  |8 A  |9 378822  |a BIBCUR  |b BIBCUR  |d 2019-11-21  |h v.1  |i 4051521  |o 378.83 URB 2004  |p 4051521  |r 2025-04-22  |t 10  |w 2019-11-21  |y BK  |k PER 
952 |0 0  |1 0  |2 ddc  |4 0  |6 378_830000000000000_URB_2004  |7 0  |8 A  |9 378823  |a BIBDER  |b BIBDER  |d 2019-11-21  |h v.1  |i 405153K  |o 378.83 URB 2004  |p 405153K  |r 2023-01-25  |t 11  |w 2019-11-21  |y BK  |k DER 
952 |0 0  |1 0  |2 ddc  |4 0  |6 378_830000000000000_URB_2004  |7 0  |8 A  |9 378824  |a BIBMEC  |b BIBMEC  |d 2019-11-21  |h v.1  |i 4051548  |o 378.83 URB 2004  |p 4051548  |r 2024-01-19  |t 12  |w 2019-11-21  |y BK  |k MEC 
952 |0 0  |1 0  |2 ddc  |4 0  |6 378_830000000000000_URB_2004  |7 0  |9 378825  |a BIBEDU  |b BIBEDU  |d 2019-11-21  |h v.1  |i 4051556  |o 378.83 URB 2004  |p 4051556  |r 2023-01-12  |t 13  |w 2019-11-21  |y BK  |k MUS 
952 |0 0  |1 0  |2 ddc  |4 0  |6 378_830000000000000_URB_2004  |7 0  |8 F  |9 378826  |a BIBTEO  |b BIBTEO  |d 2019-11-21  |h v.1  |i 4051572  |l 3  |o 378.83 URB 2004  |p 4051572  |r 2025-01-17  |s 2024-09-09  |t 14  |w 2019-11-21  |y BK_F  |k ICR 
952 |0 0  |1 0  |2 ddc  |4 0  |6 378_830000000000000_URB_2004  |7 0  |8 A  |9 378827  |a BIBHIS  |b BIBHIS  |d 2019-11-21  |h v.1  |i 4051580  |l 1  |m 2  |o 378.83 URB 2004  |p 4051580  |r 2025-01-20  |s 2023-10-10  |t 15  |w 2019-11-21  |y BK  |k HIS 
952 |0 0  |1 0  |2 ddc  |4 0  |6 378_830000000000000_URB_2004  |7 0  |8 A  |9 378828  |a BIBMAT  |b BIBMAT  |c E_DIDACT  |d 2019-11-21  |h v.1  |i 4051599  |o 378.83 URB 2004  |p 4051599  |r 2025-01-07  |t 16  |w 2019-11-21  |y BK  |k MAT 
952 |0 0  |1 0  |2 ddc  |4 0  |6 378_830000000000000_URB_2004  |7 0  |8 A  |9 378829  |a BIBHIS  |b BIBHIS  |d 2019-11-21  |h v.1  |i 4055993  |l 4  |m 1  |o 378.83 URB 2004  |p 4055993  |r 2025-01-20  |s 2023-11-10  |t 17  |w 2019-11-21  |y BK  |k HIS 
952 |0 0  |1 1  |2 ddc  |4 0  |6 378_830000000000000_URB_2004  |7 0  |8 A  |9 378830  |a BIBDER  |b BIBDER  |d 2019-11-21  |h v.1  |i 4067169  |l 1  |o 378.83 URB 2004  |p 4067169  |r 2023-11-13  |s 2020-03-11  |t 18  |w 2019-11-21  |y BK  |k DER 
952 |0 0  |1 0  |2 ddc  |4 0  |6 378_830000000000000_URB_2004  |7 0  |8 X  |9 378831  |a FDOBUD  |b FDOBUD  |d 2019-11-21  |h v.1  |i 1083759  |o 378.83 URB 2004  |p 1083759  |r 2019-11-21  |t 1  |w 2019-11-21  |y BK_X  |k FHP 
952 |0 0  |1 0  |2 ddc  |4 0  |6 378_830000000000000_URB_2004  |7 0  |8 X  |9 378832  |a FDOBUD  |b FDOBUD  |d 2019-11-21  |h v.1  |i 1083767  |o 378.83 URB 2004  |p 1083767  |r 2019-11-21  |t 2  |w 2019-11-21  |y BK_X  |k FHP 
952 |0 0  |1 0  |2 ddc  |4 0  |6 378_830000000000000_URB_2004  |7 0  |8 A  |9 378833  |a BIBHIS  |b BIBHIS  |d 2019-11-21  |h v.1  |i 474635K  |l 1  |o 378.83 URB 2004  |p 474635K  |q 2025-05-16  |r 2025-05-09  |s 2025-05-09  |t 19  |w 2019-11-21  |y BK  |k HIS 
952 |0 0  |1 0  |2 ddc  |4 0  |6 378_830000000000000_URB_2004  |7 0  |8 A  |9 378834  |a BIBEDU  |b BIBEDU  |d 2019-11-21  |h v.1  |i 4837797  |o 378.83 URB 2004  |p 4837797  |r 2019-11-21  |t 20  |w 2019-11-21  |y BK  |k BME 
952 |0 0  |1 0  |2 ddc  |3 erb  |4 0  |6 378_830000000000000_URB_2004  |7 0  |8 A  |9 378835  |a FDOHBE  |b FDOHBE  |e Huesbe Llanos, Marco Antonio, 1934-  |h t.1  |i 5305225  |o 378.83 URB 2004  |p 5305225  |r 2024-01-30  |t 21  |w 2019-11-21  |y BK  |z Catalogado en:20160520  |k HBE 
952 |0 0  |1 0  |2 ddc  |4 0  |6 378_830000000000000_URB_2004  |7 0  |8 P  |9 588693  |a BIBART  |b BIBART  |c PAC  |d 2023-01-24  |e Donación  |h t.I  |i 5656467  |o 378.83 URB 2004  |p 5656467  |r 2023-01-24  |t 22  |w 2023-01-24  |y BK  |k ART